LEADER 03554nam 2200649Ia 450 001 9910457203603321 005 20200520144314.0 010 $a1-78402-667-0 010 $a1-283-86442-8 010 $a0-8135-5110-2 024 7 $a10.36019/9780813551104 035 $a(CKB)2550000000084256 035 $a(EBL)858958 035 $a(OCoLC)775872936 035 $a(SSID)ssj0000606359 035 $a(PQKBManifestationID)11345405 035 $a(PQKBTitleCode)TC0000606359 035 $a(PQKBWorkID)10582124 035 $a(PQKB)11041256 035 $a(MiAaPQ)EBC858958 035 $a(MdBmJHUP)muse16156 035 $a(DE-B1597)529141 035 $a(DE-B1597)9780813551104 035 $a(Au-PeEL)EBL858958 035 $a(CaPaEBR)ebr10533632 035 $a(EXLCZ)992550000000084256 100 $a20101029d2011 ub 0 101 0 $aeng 135 $aur|n|---||||| 181 $ctxt 182 $cc 183 $acr 200 10$aFilm festivals$b[electronic resource] $eculture, people, and power on the global screen /$fCindy Hing-Yuk Wong 210 $aNew Brunswick, N.J. $cRutgers University Press$dc2011 215 $a1 online resource (333 p.) 300 $aDescription based upon print version of record. 311 $a0-8135-5065-3 320 $aIncludes bibliographical references and index. 320 $aIncludes filmography. 327 $tFrontmatter -- $tContents -- $tAcknowledgments -- $tIntroduction -- $t1. History, Structure, and Practice in the Festival World -- $t2. The Films of the Festivals -- $t3. Auteurs, Critics, and Canons: Extratextual Elements and the Construction of Festival Films -- $t4. Film Festivals and Film Industries -- $t5. Festivals as Public Spheres -- $t6 .The Hong Kong International Film Festival as Cultural Event -- $tConclusion -- $tNotes -- $tBibliography -- $tFilmography -- $tIndex 330 $aMovies, stars, auteurs, critics, and the sheer excitement of cinema come together in film festivals as quintessential constellations of art, business, and glamour. Yet, how well do we actually understand the forces and meanings that these events embody? Film Festivals offers the first comprehensive overview of the history, people, films, and multiple functions of the festival world. From Sundance to Hong Kong, from the glitter of Cannes to edgier festivals that challenge boundaries or foster LGBTQ cultural production, film festivals celebrate art, promote business, bring cinema to diverse audiences, and raise key issues about how we see our world. Cindy Hing-Yuk Wong situates festivals within changing global practices of film, including their important ties to both Hollywood and independent cinema. She explores how these events have become central in the construction of cinema knowledge as well as the behind-the-scene mechanics of finance, distribution, and evaluation. By linking general structures and connections to specific films and auteurs, Wong addresses the components and creation of film festivals that continue to reshape filmmaking as art and business. 606 $aFilm festivals 606 $aMotion picture industry 606 $aMotion pictures 608 $aElectronic books. 615 0$aFilm festivals. 615 0$aMotion picture industry. 615 0$aMotion pictures. 676 $a791.43079 700 $aWong$b Cindy H.$f1961-$0904665 801 0$bMiAaPQ 801 1$bMiAaPQ 801 2$bMiAaPQ 906 $aBOOK 912 $a9910457203603321 996 $aFilm festivals$92480307 997 $aUNINA LEADER 02983 am 22004213u 450 001 9910135542003321 005 20230621142742.0 035 $a(CKB)3810000000000177 035 $a(WaSeSS)IndRDA00057961 035 $a(EXLCZ)993810000000000177 100 $a20160621h20142014 fy 0 101 0 $ager 135 $aurm|#---uuuuu 181 $ctxt$2rdacontent 182 $cc$2rdamedia 183 $acr$2rdacarrier 200 10$aFamiliale Tradierungsprozesse in der Drei-Generationen-Perspektive $eKontinuierliche Vera?nderungen - vera?nderliche Kontinuita?ten /$fChristina Radicke 210 1$aGo?ttingen, Germany :$cUniversita?tsverlag Go?ttingen,$d2014. 210 4$d©2014 215 $a1 online resource (308 pages) $cdigital, PDF file(s) 225 1 $aErziehungswissenschaftliche Studien ;$vBand 1 320 $aIncludes bibliographical references. 330 $aIn this qualitative study, familial mediation and appropriation processes are examined in a three-generation perspective, taking into account the in-family development of social development processes in two neighboring subregions. Attention is given not only to the continuity, but also to the adaptations and changes of the forms and content of family traditioning. The linking of a generational perspective with Halbwachs' considerations of collective memory opens up several comparison options. In addition to capturing familial, generational and regional similarities and differences, the dynamics of familial tradition can be worked out in this way. 330 $aDie Frage, welche Inhalte in welcher Form im Generationenverlauf innerfamilial tradiert werden, stellt ein periodisch wiederkehrendes und öffentlich verhandeltes Diskussionsthema dar. In dieser qualitativ angelegten Studie werden familiale Vermittlungs- und Aneignungsprozesse in einer Drei-Generationen-Perspektive unter Berücksichtigung der innerfamilialen Bearbeitung gesellschaftlicher Entwicklungsprozesse in zwei benachbarten Teilregionen untersucht. Hierbei gilt die Aufmerksamkeit nicht nur den Kontinuitäten, sondern auch den Anpassungen und Veränderungen von Formen und Inhalten familialer Tradierung. Die Verknüpfung einer generationellen Perspektive mit Halbwachs? Überlegungen zum kollektiven Gedächtnis eröffnet dabei mehrere Vergleichsoptionen. Neben der Erfassung familialer, generationeller und regionaler Gemeinsamkeiten und Unterschiede können auf diese Weise die Dynamiken familialer Tradierung herausgearbeitet werden. 410 0$aErziehungswissenschaftliche Studien ;$vBand 1. 606 $aGenerations 606 $aSecularization 615 0$aGenerations. 615 0$aSecularization. 676 $a303.323 700 $aRadicke$b Christina$0803076 801 0$bWaSeSS 801 1$bWaSeSS 801 2$bUkMaJRU 906 $aBOOK 912 $a9910135542003321 996 $aFamiliale Tradierungsprozesse in der Drei-Generationen-Perspektive$91986057 997 $aUNINA LEADER 01092nam0 22003011i 450 001 UON00424143 005 20231205104839.599 010 $a07-14-53712-8 100 $a20130508d1979 |0itac50 ba 101 $aeng 102 $aGB 105 $a|||| 1|||| 200 1 $aPerformance art$escripts$fJeff Nuttall 210 $aLondon$cJ.Calder ; Dallas$cRiverrun$d1979 215 $a205 p.$cill.$d22 cm. Posseduto solo il II vol. 606 $aTEATRO INGLESE$xStudi$3UONC078177$2FI 620 $dDallas$3UONL000886 620 $aGB$dLondon$3UONL003044 676 $a792.0942$cTeatro inglese$v21 700 1$aNUTTALL$bJeff$3UONV193865$0196524 712 $aCalder$3UONV266784$4650 712 $aRiverrun Press$3UONV268925$4650 801 $aIT$bSOL$c20240220$gRICA 899 $aSIBA - SISTEMA BIBLIOTECARIO DI ATENEO$2UONSI 912 $aUON00424143 950 $aSIBA - SISTEMA BIBLIOTECARIO DI ATENEO$dSI Angl VI C 0727 $eSI LO 13098 5 0727 $sBuono 996 $aPerformance art$91332427 997 $aUNIOR